00539nam a2200181 a 45000010010000000030011000100080041000210350026000620820014000881000023001022450024001252600049001496500022001989420012002209520090002329980020003229990015003420000-9390ELIB.Books110520 1974  a(ELIB.Books)0000-9542 a269 bRav aRavenhill, Leonard aWhy Revival Torries bMinneapolis: Bethany House Publishers c1974 aSpiritual Renewal 2ddccBK 00102ddc4070aKBTSbKBTSd2011-05-20l0p9458r2022-01-22 00:00:00w2022-01-22yBK cbate2011-05-20 c9390d9390